000 01882nam0a22003491 4500
001 rc\1070928
005 20250622100925.0
035 _a(NLR Aleph) 006230813
090 _a6569811
_c6569811
100 _a20041129d1980 |||y0rusy50 ca
101 0 _arus
102 _aRU
105 _ay |||||||||
200 1 _aСупружеская жизнь
_eПовести и рассказы
_e[Переводы]
_fШота Чкадуа
210 _aСухуми
_cАлашара
_d1980
215 _a227 с.
_d17
327 1 _aСодерж.: Повести: Лучший факультет; Женское сердце; Рассказы: Родня умалишенной; Дело у меня есть, дад...; История одной квочки; Почему я пою песни?; Крестьянин и костлявая; Супружеская жизнь
464 0 _12001#$aЛучший факультет
_tЛучший факультет
464 0 _12001#$aЖенское сердце
_tЖенское сердце
464 0 _12001#$aРодня умалишенной
_tРодня умалишенной
464 0 _12001#$aДело у меня есть, дад...
_tДело у меня есть, дад...
464 0 _12001#$aИстория одной квочки
_tИстория одной квочки
464 0 _12001#$aПочему я пою песни?
_tПочему я пою песни?
464 0 _12001#$aКрестьянин и костлявая
_tКрестьянин и костлявая
464 0 _12001#$aСупружеская жизнь
_tСупружеская жизнь
700 1 _7ca
_8rus
_aЧкадуа
_bШ. Е.
_f1932-2003
_gШота Евгеньевич
_9238285
_3RU\NLR\AUTH\770238341
801 0 _aRU
_bNLR
_gpsbo
801 1 _aRU
_bELAR
_2rusmarc
852 _aNLR
_j81-2/1543
942 _cBOOK
980 _aNB